NFL Draft 2023 - Statistics

General Stats
  • This quiz has been taken 6 times
  • The average score is 16 of 31
Answer Stats
Hint Answer % Correct
4.Colts Anthony Richardson
100%
1.Panthers Bryce Young
100%
2.Texans CJ Stroud
100%
5.Seahawks Devon Witherspoon
100%
9.Eagles Jalen Carter
100%
3.Texans Will Anderson Jr
100%
8.Falcons Bijan Robinson
75%
12.Lions Jahmyr Gibbs
75%
26.Cowboys Mazi Smith
75%
30.Eagles Nolan Smith
75%
19.Buccaneers Calijah Kancey
50%
10.Bears Darnell Wright
50%
18.Lions Jack Campbell
50%
13.Packers Lukas Van Ness
50%
6.Cardinals Paris Johnson Jr
50%
21.Chargers Quentin Johnson
50%
7.Raiders Tyree Wilson
50%
15.Jets Will McDonald IV
50%
27.Jaguar Anton Harrison
25%
14.Steelers Broderick Jones
25%
29.Saints Bryan Bresee
25%
25.Bills Dalton Kincaid
25%
24.Giants Devonte Banks
25%
31.Chiefs Felix Anudike-Uzomah
25%
20.Seahawks Jaxson Smith-Njigba
25%
23.Vikings Jordan Addison
25%
28.Bengals Myles Murphy
25%
11.Titans Peter Skoronski
25%
22.Ravens Zay Flowers
25%
17.Patriots Christian Gonzalez
0%
16.Commanders Emmanuel Forbes
0%
No matching quizzes found
Score Distribution
Percent of People with Each Score
Percentile by Number Answered
Your Score History
You have not taken this quiz